[Event "5. ODEM U25 2008"]
[Site "Willingen GER"]
[Date "2008.05.11"]
[Round "2"]
[White "Weber, Yannik"]
[Black "Zhou, Wile"]
[Result "0-1"]
[Termination "normal"]
[Board "55"]
[WhiteElo "1057"]
[BlackElo "1512"]
[PlyCount "130"]
[WhiteFideId "24692700"]
[BlackFideId "4695674"]
[EventCountry "GER"]
[EventRounds "9"]
[EventType "swiss"]
[EventDate "2008.05.10"]

1. e4 c5 2. Nf3 e6 3. d4 cxd4 4. Nxd4 Nf6 5. Nc3 Nc6 6. Bb5 Bb4 7. Nde2 Nxe4 8.
Bxc6 bxc6 9. O-O Nxc3 10. Nxc3 Bxc3 11. bxc3 O-O 12. Qg4 f5 13. Qg3 Bb7 14. Bh6
Qf6 15. Bf4 Qg6 16. Rab1 Qxg3 17. Bxg3 Ba6 18. Rfd1 d5 19. Be5 Kf7 20. Rd4 g5
21. f4 g4 22. Ra4 Bb5 23. Rd4 a5 24. a4 c5 25. Rd2 Bxa4 26. Rb7+ Ke8 27. Rxh7
Rc8 28. Bd6 Rf7 29. Rh8+ Kd7 30. Rxc8 Kxc8 31. Bxc5 Rb7 32. Rd4 Bxc2 33. c4 Rc7
34. Bb6 Rxc4 35. Rxc4+ dxc4 36. h4 gxh3 37. gxh3 a4 38. Bd4 Kd7 39. h4 Bd1 40.
Kf1 Kc6 41. Ke1 Bg4 42. Kd2 Kd5 43. Ba1 Ke4 44. Be5 a3 45. Kc2 a2 46. Kb2 c3+
47. Bxc3 Kxf4 48. Bd2+ Ke4 49. Kxa2 f4 50. Kb2 f3 51. Be1 Ke3 52. Kc3 f2 53.
Bxf2+ Kxf2 54. Kd4 Kg3 55. h5 Bxh5 56. Ke5 Bg4 57. Ke4 Bf5+ 58. Ke3 e5 59. Ke2
Kf4 60. Kf2 e4 61. Ke2 e3 62. Ke1 Kf3 63. Kf1 e2+ 64. Ke1 Bh3 65. Kd2 Kf2 0-1

[Event "5. ODEM U25 2008"]
[Site "Willingen GER"]
[Date "2008.05.11"]
[Round "2"]
[White "Klein, Maren"]
[Black "Meiser, Michael"]
[Result "1-0"]
[Termination "normal"]
[Board "57"]
[WhiteElo "1025"]
[BlackElo "1490"]
[PlyCount "107"]
[BlackFideId "24659762"]
[EventCountry "GER"]
[EventRounds "9"]
[EventType "swiss"]
[EventDate "2008.05.10"]

1. e4 c5 2. Nc3 Nc6 3. g3 Nf6 4. Bg2 b6 5. Nge2 Bb7 6. d3 e6 7. O-O Be7 8. Be3
O-O 9. h3 d5 10. exd5 exd5 11. d4 Na5 12. b3 Qc7 13. Nf4 Rad8 14. dxc5 d4 15.
Nb5 Qc8 16. Bd2 Bxg2 17. Kxg2 Bxc5 18. Bxa5 bxa5 19. Kg1 Qb7 20. a4 Qd7 21. Nd3
Qxh3 22. Nf4 Qf5 23. Qe2 Rfe8 24. Qc4 Bb6 25. Rad1 g5 26. Qd3 Qg4 27. Ng2 Qh3
28. g4 Qxg4 29. f3 Qg3 30. Kh1 a6 31. Na3 Bc7 32. f4 gxf4 33. Qxg3+ fxg3 34.
Rxf6 Re6 35. Rf3 h5 36. Nf4 Bxf4 37. Rxf4 Rh6 38. Rdxd4 Rxd4 39. Rxd4 h4 40.
Nc4 Kf8 41. Ne3 Re6 42. Nf5 f6 43. Rxh4 Re1+ 44. Kg2 Re2+ 45. Kxg3 Rxc2 46. Nd4
Rc3+ 47. Kf4 Kf7 48. Rh7+ Kg6 49. Rb7 Rc5 50. Ra7 Rd5 51. Nc6 Rc5 52. Rxa6 Rf5+
53. Ke4 Kg5 54. Rxa5 1-0

[Event "5. ODEM U25 2008"]
[Site "Willingen GER"]
[Date "2008.05.11"]
[Round "2"]
[White "Glatting, Lisa"]
[Black "Hager, Julius"]
[Result "1-0"]
[Termination "normal"]
[Board "58"]
[WhiteElo "1762"]
[BlackElo "901"]
[PlyCount "111"]
[WhiteFideId "24667617"]
[EventCountry "GER"]
[EventRounds "9"]
[EventType "swiss"]
[EventDate "2008.05.10"]

1. e4 e5 2. Nf3 Nf6 3. d3 Nc6 4. Bg5 Be7 5. Nc3 d6 6. h3 Be6 7. Be2 d5 8. O-O
dxe4 9. dxe4 Qxd1 10. Raxd1 O-O 11. a3 Rfe8 12. Bb5 Rad8 13. Bxc6 bxc6 14. Nxe5
c5 15. Nc6 Ra8 16. Nxe7+ Rxe7 17. Rd2 h6 18. Bxf6 gxf6 19. Rfd1 Ree8 20. f3 Kg7
21. Nd5 Rec8 22. Nf4 Rf8 23. Nxe6+ fxe6 24. Rd7+ Rf7 25. Rxf7+ Kxf7 26. Rd7+
Kg6 27. Rxc7 Rb8 28. b3 Rd8 29. Rxc5 Rd2 30. a4 e5 31. Rc7 Kg5 32. c4 a5 33.
Ra7 Kf4 34. Kh2 h5 35. c5 Rc2 36. Rxa5 h4 37. Rb5 Ke3 38. Rb6 Kf2 39. Rxf6 Kf1
40. Rg6 Rxc5 41. Rd6 Rc2 42. Rd1+ Kf2 43. Rb1 Re2 44. b4 Ra2 45. a5 Ra4 46. b5
Rxa5 47. b6 Ra8 48. b7 Rb8 49. Rb3 Rg8 50. Rb2+ Kf1 51. b8=Q Rxb8 52. Rxb8 Kf2
53. Re8 Kf1 54. Rxe5 Kf2 55. Ra5 Ke3 56. e5 1-0

[Event "5. ODEM U25 2008"]
[Site "Willingen GER"]
[Date "2008.05.11"]
[Round "2"]
[White "Lang, Jan-Hendrik"]
[Black "Hümmecke, Aaron"]
[Result "0-1"]
[Termination "normal"]
[Board "59"]
[WhiteElo "982"]
[BlackElo "1466"]
[PlyCount "34"]
[BlackFideId "24692522"]
[EventCountry "GER"]
[EventRounds "9"]
[EventType "swiss"]
[EventDate "2008.05.10"]

1. e4 e5 2. Nf3 Nc6 3. Nc3 Nf6 4. d4 exd4 5. Nxd4 Bc5 6. Nxc6 bxc6 7. Bg5 h6 8.
e5 hxg5 9. exf6 Qxf6 10. Qe2+ Kd8 11. O-O-O Rb8 12. Ne4 Qxb2+ 13. Kd2 Bb4+ 14.
Kd3 Ba6+ 15. c4 Qa3+ 16. Kc2 Qxa2+ 17. Kc1 Ba3+ 0-1

[Event "5. ODEM U25 2008"]
[Site "Willingen GER"]
[Date "2008.05.11"]
[Round "2"]
[White "Palm, Adrian"]
[Black "Usov, Andreas"]
[Result "0-1"]
[Termination "normal"]
[Board "60"]
[WhiteElo "915"]
[BlackElo "1461"]
[PlyCount "100"]
[BlackFideId "24601713"]
[EventCountry "GER"]
[EventRounds "9"]
[EventType "swiss"]
[EventDate "2008.05.10"]

1. e4 e5 2. Nf3 Nc6 3. Bc4 Be7 4. O-O d6 5. Nc3 Bg4 6. h3 Bh5 7. d4 Nxd4 8. Be3
Nxf3+ 9. gxf3 Bg5 10. Qd2 h6 11. Be2 Bxe3 12. fxe3 f5 13. exf5 Qg5+ 14. Kf2 Ne7
15. Rg1 Qh4+ 16. Kg2 Nxf5 17. e4 Qg3+ 18. Kf1 Qxh3+ 19. Ke1 Qh4+ 20. Kd1 Nd4
21. Rf1 O-O-O 22. Nd5 Rhf8 23. c3 Nxe2 24. Kxe2 c6 25. Ne3 Qh2+ 26. Ke1 Qxd2+
27. Kxd2 Rxf3 28. Rg1 Rf2+ 29. Kc1 Rf3 30. Nf5 Bg4 31. Nxg7 Rg8 32. Nf5 h5 33.
Kc2 Rd8 34. Nh6 Bd7 35. Rh1 Rh3 36. Rxh3 Bxh3 37. Rh1 Bg4 38. Nxg4 hxg4 39. Rg1
Rg8 40. Rh1 g3 41. Rg1 d5 42. Kd3 Rg4 43. exd5 cxd5 44. Ke3 Kd7 45. Kf3 Rg6 46.
Rxg3 Rxg3+ 47. Kxg3 Kc6 48. Kf3 Kc5 49. Ke2 b5 50. b3 b4 0-1

[Event "5. ODEM U25 2008"]
[Site "Willingen GER"]
[Date "2008.05.11"]
[Round "2"]
[White "Hauffen, Kai"]
[Black "Bui, Ha Trang"]
[Result "1-0"]
[Termination "normal"]
[Board "61"]
[WhiteElo "1454"]
[BlackElo "774"]
[PlyCount "55"]
[EventCountry "GER"]
[EventRounds "9"]
[EventType "swiss"]
[EventDate "2008.05.10"]

1. e4 e5 2. Bc4 Nf6 3. d4 exd4 4. Nf3 Be7 5. e5 Ne4 6. Qxd4 Nc5 7. O-O O-O 8.
Nc3 b6 9. Qf4 h6 10. Qg3 Kh7 11. Be3 Bb7 12. b4 Bxf3 13. Qxf3 Nc6 14. bxc5 Nxe5
15. Qe4+ Kh8 16. Qxe5 bxc5 17. Bd3 Bf6 18. Qe4 g6 19. Bxh6 Re8 20. Qc4 Kh7 21.
Bd2 c6 22. Rae1 Rh8 23. Qxc5 Qc7 24. Ne4 Kg7 25. h3 Rh7 26. Nxf6 Kxf6 27. Bc3+
Qe5 28. Qxe5# 1-0

[Event "5. ODEM U25 2008"]
[Site "Willingen GER"]
[Date "2008.05.11"]
[Round "2"]
[White "Reksten, Anne"]
[Black "Voss, Mathieu"]
[Result "0-1"]
[Termination "normal"]
[Board "62"]
[WhiteElo "807"]
[BlackElo "1452"]
[PlyCount "116"]
[WhiteFideId "24692778"]
[EventCountry "GER"]
[EventRounds "9"]
[EventType "swiss"]
[EventDate "2008.05.10"]

1. c4 e5 2. Nc3 Bc5 3. g3 d6 4. Bg2 Nc6 5. e3 Nf6 6. Nge2 Be6 7. b3 Qd7 8. O-O
Bh3 9. Nd5 Nxd5 10. cxd5 Bxg2 11. Kxg2 Nb4 12. Nc3 f5 13. Qh5+ g6 14. Qe2 h5
15. f4 h4 16. h3 hxg3 17. Rf3 O-O-O 18. Rxg3 Rdg8 19. Qb5 Qxb5 20. Nxb5 Rg7 21.
Bb2 Re8 22. Rc1 a6 23. d4 axb5 24. dxc5 Nd3 25. Rb1 Nxc5 26. Ba3 Ne4 27. Rg5
Nxg5 28. fxg5 Rh7 29. Rc1 Rd8 30. Kg3 Kd7 31. h4 Rdh8 32. Rh1 Ra8 33. Bb4 Rxa2
34. Bc3 Ra8 35. Re1 Rah8 36. Rh1 Rf8 37. Rf1 Rfh8 38. Rh1 b4 39. Bxb4 f4+ 40.
exf4 exf4+ 41. Kxf4 Rxh4+ 42. Rxh4 Rxh4+ 43. Kg3 Rxb4 44. Kf2 Rxb3 45. Ke2 b5
46. Kd2 Rg3 47. Kc2 b4 48. Kb2 Rxg5 49. Kb3 Rxd5 50. Kxb4 Rc5 51. Kb3 g5 52.
Kb4 g4 53. Kb3 g3 54. Kb4 g2 55. Kb3 g1=Q 56. Kb4 Qb1+ 57. Ka4 d5 58. Ka3 Ra5#
0-1

[Event "5. ODEM U25 2008"]
[Site "Willingen GER"]
[Date "2008.05.11"]
[Round "2"]
[White "Lang, Stephan"]
[Black "Holle, Niklas"]
[Result "1-0"]
[Termination "normal"]
[Board "63"]
[WhiteElo "1451"]
[BlackElo "700"]
[PlyCount "57"]
[WhiteFideId "24692557"]
[EventCountry "GER"]
[EventRounds "9"]
[EventType "swiss"]
[EventDate "2008.05.10"]

1. e4 e5 2. Nf3 Nc6 3. Nc3 Nf6 4. d4 exd4 5. Nxd4 Nxd4 6. Qxd4 Bd6 7. e5 Be7 8.
exf6 Bxf6 9. Qe4+ Be7 10. Bg5 O-O 11. Bxe7 d5 12. Nxd5 Qe8 13. Nxc7 Qd7 14.
Bxf8 Kxf8 15. Nxa8 Qd8 16. Bb5 Qa5+ 17. c3 Qxb5 18. O-O-O Qa5 19. Rhe1 Be6 20.
Qb4+ Qxb4 21. cxb4 g6 22. b3 Bg4 23. f3 Be6 24. Nc7 Bf5 25. g4 Bc8 26. Re8+ Kg7
27. g5 f5 28. Rxc8 a6 29. Rd7# 1-0

[Event "5. ODEM U25 2008"]
[Site "Willingen GER"]
[Date "2008.05.11"]
[Round "2"]
[White "Kaphle, Christian"]
[Black "Wenke, Andrea"]
[Result "0-1"]
[Termination "normal"]
[Board "64"]
[WhiteElo "715"]
[BlackElo "1440"]
[PlyCount "102"]
[BlackFideId "24677736"]
[EventCountry "GER"]
[EventRounds "9"]
[EventType "swiss"]
[EventDate "2008.05.10"]

1. e4 e5 2. Nf3 Nc6 3. Bc4 Nf6 4. Ng5 d5 5. exd5 Nxd5 6. d3 Be7 7. Nf3 O-O 8.
d4 exd4 9. Nxd4 Nf6 10. c3 Bc5 11. Be3 Re8 12. O-O Nxd4 13. cxd4 Bd6 14. Bg5 h6
15. Bh4 Re4 16. Bxf6 Qxf6 17. Bd3 Rxd4 18. Re1 Bf5 19. Re3 Bxd3 20. Rxd3 Rxd3
21. Qxd3 Qxb2 22. Qc3 Be5 23. Qxb2 Bxb2 24. Nd2 Bxa1 25. Nb3 Be5 26. g3 Rc8 27.
f4 Bd6 28. Nd4 c5 29. Nc2 c4 30. Kf1 c3 31. Ke2 b5 32. Kd3 f5 33. Nd4 g6 34.
Kc2 b4 35. Kb3 a5 36. Kc2 Re8 37. Kd3 Bc5 38. Nc2 Kf7 39. Na1 Re3+ 40. Kc2 Re2+
41. Kd3 Rxa2 42. Nb3 c2 43. Nc1 Rb2 44. Kd2 a4 45. Kd3 a3 46. Kc4 a2 47. Kxc5
a1=Q 48. Nd3 c1=Q+ 49. Nxc1 Qxc1+ 50. Kd5 Rd2+ 51. Ke5 Qe1# 0-1

[Event "5. ODEM U25 2008"]
[Site "Willingen GER"]
[Date "2008.05.12"]
[Round "3"]
[White "Figura, Atila Gajo"]
[Black "Ludwig, Jan"]
[Result "1-0"]
[Termination "normal"]
[Board "1"]
[WhiteTitle "FM"]
[WhiteElo "2405"]
[BlackElo "1957"]
[PlyCount "81"]
[WhiteFideId "4688058"]
[BlackFideId "24643289"]
[EventCountry "GER"]
[EventRounds "9"]
[EventType "swiss"]
[EventDate "2008.05.10"]

1. e4 e6 2. b3 d5 3. Bb2 Nf6 4. e5 Nfd7 5. Qg4 c5 6. f4 Nc6 7. Nf3 b6 8. Be2
Qc7 9. O-O Bb7 10. Na3 a6 11. c4 d4 12. Nc2 Ne7 13. Bd3 g6 14. Ng5 h5 15. Qe2
Nf5 16. Be4 Be7 17. Bxb7 Qxb7 18. Ne4 Kf8 19. g3 Kg7 20. Ne1 Rad8 21. Qf3 Nb8
22. Nd3 Nc6 23. h3 Nb8 24. Ba3 a5 25. Rae1 Na6 26. Bc1 Nb4 27. Nxb4 axb4 28. d3
Rh7 29. Re2 Rdh8 30. Rg2 Qc6 31. Rff2 Qb7 32. Kf1 Qc6 33. Ke1 Qb7 34. Kd1 Qc6
35. Kc2 Qa8 36. Kb1 Qb7 37. Rg1 Qc6 38. Qe2 Qb7 39. g4 hxg4 40. hxg4 Nh4 41. f5
1-0

[Event "5. ODEM U25 2008"]
[Site "Willingen GER"]
[Date "2008.05.12"]
[Round "3"]
[White "Hinz, Arne"]
[Black "Siebarth, Raiko"]
[Result "0-1"]
[Termination "normal"]
[Board "2"]
[WhiteElo "1965"]
[BlackElo "2284"]
[PlyCount "44"]
[WhiteFideId "24634875"]
[BlackFideId "4674766"]
[EventCountry "GER"]
[EventRounds "9"]
[EventType "swiss"]
[EventDate "2008.05.10"]

1. e4 c5 2. Nc3 e6 3. f4 Nc6 4. Nf3 Nge7 5. Be2 d5 6. e5 Ng6 7. d3 b5 8. O-O b4
9. Na4 Be7 10. b3 O-O 11. g3 f6 12. d4 cxd4 13. Bd3 Qe8 14. exf6 Bxf6 15. Re1
Qf7 16. Nc5 e5 17. Bxg6 hxg6 18. fxe5 Bxe5 19. Nd3 Bf6 20. Bf4 Bg4 21. Kg2 g5
22. h3 Bxf3+ 0-1

[Event "5. ODEM U25 2008"]
[Site "Willingen GER"]
[Date "2008.05.12"]
[Round "3"]
[White "Coenen, Michael"]
[Black "Kunz, André"]
[Result "1-0"]
[Termination "normal"]
[Board "3"]
[WhiteElo "2174"]
[BlackElo "1915"]
[PlyCount "49"]
[WhiteFideId "4697367"]
[BlackFideId "24623652"]
[EventCountry "GER"]
[EventRounds "9"]
[EventType "swiss"]
[EventDate "2008.05.10"]

1. e4 c5 2. Nf3 Nc6 3. d4 cxd4 4. Nxd4 Nf6 5. Nc3 e5 6. Ndb5 d6 7. Bg5 a6 8.
Na3 b5 9. Nd5 Be7 10. Bxf6 Bxf6 11. c4 b4 12. Nc2 a5 13. Qf3 Bg5 14. h4 Be7 15.
Rd1 O-O 16. c5 Bb7 17. Nb6 Rb8 18. Nc4 f5 19. Nxd6 Bxd6 20. Rxd6 Qc7 21. Bc4+
Kh8 22. Qg3 Nd4 23. Rxd4 Qxc5 24. Rd7 g6 25. h5 1-0

[Event "5. ODEM U25 2008"]
[Site "Willingen GER"]
[Date "2008.05.12"]
[Round "3"]
[White "Kyas, Marcel"]
[Black "Lantzsch, Christian"]
[Result "1-0"]
[Termination "normal"]
[Board "4"]
[WhiteElo "1986"]
[BlackElo "2218"]
[PlyCount "103"]
[WhiteFideId "24642037"]
[BlackFideId "4659821"]
[EventCountry "GER"]
[EventRounds "9"]
[EventType "swiss"]
[EventDate "2008.05.10"]

1. Nf3 e6 2. c4 f5 3. g3 Nf6 4. Bg2 Be7 5. d4 O-O 6. O-O d6 7. Nc3 Ne4 8. Nxe4
fxe4 9. Nd2 d5 10. f3 exf3 11. Nxf3 Nd7 12. Bf4 c6 13. Qc2 Nf6 14. Rad1 Qe8 15.
Ne5 Nd7 16. e4 Nxe5 17. Bxe5 Qg6 18. cxd5 exd5 19. Qb3 Bg4 20. Rde1 Rxf1+ 21.
Rxf1 Rf8 22. exd5 Rxf1+ 23. Bxf1 cxd5 24. Qxd5+ Be6 25. Qxb7 Qg5 26. Qa8+ Bd8
27. Qc6 Kf7 28. Qf3+ Kg8 29. a3 Bb6 30. Qf4 Qg6 31. Bd6 Bf7 32. Bc5 h6 33. Qf3
Qb1 34. Bxb6 axb6 35. Qe2 Qc1 36. Kf2 g6 37. Bh3 b5 38. Be6 Qc7 39. Bxf7+ Qxf7+
40. Qf3 Qd7 41. Qf6 Kh7 42. Ke3 Qc7 43. d5 Qc1+ 44. Ke4 Qc2+ 45. Ke5 Qxh2 46.
Ke6 Qxg3 47. d6 Qg4+ 48. Kf7 Qc4+ 49. Ke7 Qe4+ 50. Qe6 Qh4+ 51. Ke8 Kg7 52.
Qe7+ 1-0

[Event "5. ODEM U25 2008"]
[Site "Willingen GER"]
[Date "2008.05.12"]
[Round "3"]
[White "Billing, Christian"]
[Black "Arps, Jan-Philipp"]
[Result "1-0"]
[Termination "normal"]
[Board "5"]
[WhiteElo "2155"]
[BlackElo "2027"]
[PlyCount "81"]
[WhiteFideId "4697294"]
[BlackFideId "24645680"]
[EventCountry "GER"]
[EventRounds "9"]
[EventType "swiss"]
[EventDate "2008.05.10"]

1. e4 c5 2. Nf3 g6 3. d4 Bg7 4. c3 Qc7 5. dxc5 Nf6 6. Bd3 Qxc5 7. Be3 Qc7 8.
Nd4 a6 9. Nd2 O-O 10. O-O d5 11. f3 Nbd7 12. Bc2 Ne5 13. Bf2 Rd8 14. Qe2 Nh5
15. exd5 Nf4 16. Qe4 Nxd5 17. Bb3 Nf6 18. Qe2 e6 19. Rfe1 Nc6 20. Rad1 Nxd4 21.
Bxd4 b5 22. Qf2 Nd5 23. Bxg7 Kxg7 24. Ne4 Bb7 25. Nc5 Rac8 26. Bxd5 Rxd5 27.
Rxd5 Bxd5 28. Nxa6 Qf4 29. Nb4 Bc4 30. Qe3 Qf5 31. Qd4+ Qf6 32. Qxf6+ Kxf6 33.
Rd1 Rc5 34. Kf2 Re5 35. Rd2 h5 36. b3 Bd5 37. Nxd5+ exd5 38. Rd4 Ke6 39. Rb4
Kd6 40. Rxb5 Kc6 41. c4 1-0

[Event "5. ODEM U25 2008"]
[Site "Willingen GER"]
[Date "2008.05.12"]
[Round "3"]
[White "Klebanov, Andrej"]
[Black "Jahncke, Giso"]
[Result "0-1"]
[Termination "normal"]
[Board "6"]
[WhiteElo "1850"]
[BlackElo "2031"]
[PlyCount "88"]
[WhiteFideId "24669989"]
[BlackFideId "24608289"]
[EventCountry "GER"]
[EventRounds "9"]
[EventType "swiss"]
[EventDate "2008.05.10"]

1. d4 Nf6 2. c4 g6 3. Nc3 Bg7 4. e4 d6 5. Nf3 O-O 6. Be3 Na6 7. Be2 e5 8. dxe5
dxe5 9. Bg5 Qe8 10. Bxf6 Bxf6 11. Nd5 Bg7 12. c5 c6 13. Bxa6 cxd5 14. Qxd5 Be6
15. Qxb7 Rb8 16. Qxa7 Qa4 17. O-O Ra8 18. Qc7 Rxa6 19. Rfc1 h6 20. Nd2 Rc8 21.
Qb7 Ra7 22. Qb6 Rd7 23. Nc4 Bxc4 24. b3 Bxb3 25. axb3 Qxe4 26. c6 Rd6 27. Ra6
Qc2 28. Raa1 Qf5 29. Qb7 e4 30. Ra8 Rdd8 31. Rxc8 Rxc8 32. Rd1 Be5 33. b4 Rb8
34. Qe7 Qf6 35. Qc5 Rd8 36. Rd7 Bc7 37. Rxd8+ Qxd8 38. g3 Bb6 39. Qc2 Qd3 40.
Qa2 Qd1+ 41. Kg2 Qf3+ 42. Kh3 h5 43. Qa8+ Kh7 44. Qb7 e3 0-1

[Event "5. ODEM U25 2008"]
[Site "Willingen GER"]
[Date "2008.05.12"]
[Round "3"]
[White "Högy, Kevin"]
[Black "Zahn, Benno"]
[Result "1-0"]
[Termination "normal"]
[Board "7"]
[WhiteElo "2058"]
[BlackElo "1798"]
[PlyCount "63"]
[WhiteFideId "24647098"]
[BlackFideId "24636070"]
[EventCountry "GER"]
[EventRounds "9"]
[EventType "swiss"]
[EventDate "2008.05.10"]

1. e4 c5 2. Nf3 d6 3. d4 cxd4 4. Nxd4 Nf6 5. Nc3 g6 6. Be3 Bg7 7. f3 O-O 8. Qd2
Nc6 9. Bc4 Bd7 10. O-O-O Rc8 11. Bb3 Na5 12. Bh6 b5 13. Bxg7 Kxg7 14. Nd5 Nxd5
15. exd5 Nb7 16. h4 a5 17. h5 Rh8 18. hxg6 hxg6 19. Ne6+ Bxe6 20. dxe6 f6 21.
Bd5 Qb6 22. g4 g5 23. f4 Rxh1 24. Rxh1 Rh8 25. Rxh8 Kxh8 26. fxg5 Qg1+ 27. Qd1
Qe3+ 28. Kb1 Nc5 29. Qh1+ Kg7 30. Qh6+ Kg8 31. Qg6+ Kh8 32. Qe8+ 1-0

[Event "5. ODEM U25 2008"]
[Site "Willingen GER"]
[Date "2008.05.12"]
[Round "3"]
[White "Richters, Marc"]
[Black "Gölz, Daniel"]
[Result "0-1"]
[Termination "normal"]
[Board "8"]
[WhiteElo "1961"]
[BlackElo "2015"]
[PlyCount "100"]
[WhiteFideId "24612332"]
[BlackFideId "24626325"]
[EventCountry "GER"]
[EventRounds "9"]
[EventType "swiss"]
[EventDate "2008.05.10"]

1. d4 Nf6 2. c4 d6 3. Nc3 Bf5 4. Bg5 Nbd7 5. g3 c6 6. Bg2 Qa5 7. Qd2 e5 8. d5
Qc5 9. e4 Bg6 10. b3 cxd5 11. exd5 Be7 12. Nge2 Ng4 13. O-O f6 14. Na4 Qc7 15.
Be3 O-O 16. f4 f5 17. Kh1 Nxe3 18. Qxe3 Bf6 19. fxe5 Nxe5 20. Rae1 Rae8 21. Qd2
Qd7 22. Nac3 h6 23. Nd4 Bg5 24. Qd1 Ng4 25. Ne6 Ne3 26. Rxe3 Bxe3 27. Nxf8 Rxf8
28. Re1 f4 29. Bf3 Bf2 30. Re6 Bf5 31. g4 Bxe6 32. dxe6 Qe7 33. Qe2 Be3 34. Nd5
Qxe6 35. Nxf4 Qf6 36. Bd5+ Kh8 37. Nd3 Qa1+ 38. Kg2 Qg1+ 39. Kh3 b6 40. Bf3 Bd4
41. Qe4 Be5 42. Nxe5 dxe5 43. Bg2 Qd4 44. Qg6 Qe3+ 45. Kh4 Rf2 46. Qe8+ Kh7 47.
Qc6 Re2 48. Qe6 Qg5+ 49. Kg3 Qf4+ 50. Kh3 Re3+ 0-1

[Event "5. ODEM U25 2008"]
[Site "Willingen GER"]
[Date "2008.05.12"]
[Round "3"]
[White "Kunze, Christopher"]
[Black "Sieker, Roland"]
[Result "0-1"]
[Termination "normal"]
[Board "9"]
[WhiteElo "1942"]
[BlackElo "2047"]
[PlyCount "70"]
[WhiteFideId "4647998"]
[BlackFideId "24600261"]
[EventCountry "GER"]
[EventRounds "9"]
[EventType "swiss"]
[EventDate "2008.05.10"]

1. e4 e5 2. Nc3 Nf6 3. Bc4 Nxe4 4. Qh5 Nd6 5. Bb3 Nc6 6. Nb5 g6 7. Qf3 f5 8.
Qd5 Qf6 9. Nxc7+ Kd8 10. Nxa8 b6 11. Nxb6 axb6 12. Qf3 Bb7 13. d3 Nd4 14. Qh3
e4 15. Be3 exd3 16. O-O-O Nxb3+ 17. axb3 Ne4 18. Rxd3 Bc5 19. Ne2 Bxe3+ 20.
Qxe3 Re8 21. Qf4 Kc8 22. Ng3 Nxg3 23. Qxg3 f4 24. Qh3 Re7 25. Rhd1 Bc6 26. Kb1
Kc7 27. Rc3 Qe5 28. Qd3 Kb7 29. f3 g5 30. b4 h6 31. Ra3 Bb5 32. Qd5+ Qxd5 33.
Rxd5 Re1+ 34. Ka2 Bc4+ 35. b3 Bxd5 0-1

[Event "5. ODEM U25 2008"]
[Site "Willingen GER"]
[Date "2008.05.12"]
[Round "3"]
[White "Neumair, Cedric"]
[Black "Wurm, Alexander"]
[Result "0-1"]
[Termination "normal"]
[Board "10"]
[WhiteElo "1844"]
[BlackElo "2068"]
[PlyCount "94"]
[WhiteFideId "4698304"]
[BlackFideId "24637246"]
[EventCountry "GER"]
[EventRounds "9"]
[EventType "swiss"]
[EventDate "2008.05.10"]

1. d4 Nf6 2. Bg5 e6 3. Nf3 c5 4. e3 d5 5. c3 Bd6 6. Bd3 Nbd7 7. Nbd2 O-O 8. O-O
e5 9. dxe5 Nxe5 10. Nxe5 Bxe5 11. Nf3 Bc7 12. Bc2 Be6 13. Qd3 g6 14. Rad1 Kg7
15. Qe2 h6 16. Bf4 Re8 17. Bxc7 Qxc7 18. Bb3 Rad8 19. Qc2 b5 20. Qc1 Bg4 21.
Rd2 Bxf3 22. gxf3 Rd7 23. Bd1 Red8 24. Be2 a6 25. Rfd1 Qe5 26. b3 d4 27. cxd4
cxd4 28. exd4 Rxd4 29. Rxd4 Rxd4 30. Rxd4 Qxd4 31. Qa3 Qd2 32. Kf1 Nd5 33. Qc5
Nf4 34. Qe5+ Kf8 35. Qb8+ Ke7 36. Qe5+ Kd7 37. Bxb5+ axb5 38. Qxb5+ Ke7 39.
Qe5+ Kd7 40. Qb5+ Ke6 41. Qb6+ Kf5 42. Qc5+ Kf6 43. Qb6+ Kg7 44. Qe3 Qd1+ 45.
Qe1 Qd3+ 46. Kg1 Qxf3 47. Qe5+ Kh7 0-1

[Event "5. ODEM U25 2008"]
[Site "Willingen GER"]
[Date "2008.05.12"]
[Round "3"]
[White "Schäfer, Alexander"]
[Black "Huhnstock, Rico"]
[Result "1-0"]
[Termination "normal"]
[Board "11"]
[WhiteElo "1957"]
[BlackElo "1880"]
[PlyCount "61"]
[WhiteFideId "24615196"]
[BlackFideId "24642932"]
[EventCountry "GER"]
[EventRounds "9"]
[EventType "swiss"]
[EventDate "2008.05.10"]

1. e4 c5 2. Nf3 Nc6 3. Bb5 a6 4. Bxc6 dxc6 5. h3 Nf6 6. d3 e6 7. O-O Qc7 8. a4
b5 9. Nc3 Rb8 10. Bg5 Nd7 11. Qd2 Bd6 12. Rae1 f6 13. Be3 O-O 14. e5 Nxe5 15.
Nxe5 Bxe5 16. Bxc5 Rd8 17. Ne4 Bxb2 18. axb5 Rxb5 19. c4 Rb8 20. Bb4 Bd4 21. c5
Rd5 22. Ba5 Qd7 23. Bb6 f5 24. Ng5 Bxc5 25. Bxc5 Rxc5 26. Nxe6 Rd5 27. Qg5 g6
28. Nf4 Qd8 29. Re7 Rd6 30. Rfe1 Bd7 31. Qh6 1-0

[Event "5. ODEM U25 2008"]
[Site "Willingen GER"]
[Date "2008.05.12"]
[Round "3"]
[White "Thanabalasingam, Ajandhan"]
[Black "Schneider, Christian"]
[Result "0-1"]
[Termination "normal"]
[Board "12"]
[WhiteElo "1723"]
[BlackElo "2097"]
[PlyCount "106"]
[WhiteFideId "24601659"]
[BlackFideId "24613886"]
[EventCountry "GER"]
[EventRounds "9"]
[EventType "swiss"]
[EventDate "2008.05.10"]

1. e4 c6 2. d4 d5 3. e5 Bf5 4. Nc3 e6 5. g4 Bg6 6. Nge2 Ne7 7. Be3 h5 8. Nf4
hxg4 9. Nxg6 Nxg6 10. Bd3 Nxe5 11. dxe5 d4 12. Qxg4 dxe3 13. O-O-O Qh4 14. Qf3
Qxf2 15. Qe4 Rh4 16. Rhf1 Rxe4 17. Rxf2 Rxe5 18. Rf3 g6 19. Rdf1 f5 20. Rg1 Kf7
21. Rfg3 Bh6 22. Rxg6 e2+ 23. Rxh6 e1=Q+ 24. Rxe1 Rxe1+ 25. Kd2 Kg7 26. Rh5 Rg1
27. Ne2 Rg4 28. h3 Rg2 29. Ke3 Rxe2+ 30. Bxe2 Nd7 31. Bc4 Kg6 32. Rh4 e5 33.
Bd3 e4 34. Be2 Nf6 35. c4 Kg5 36. Rf4 Rh8 37. h4+ Rxh4 38. Rxh4 Kxh4 39. Kf4
Nh5+ 40. Kxf5 Ng3+ 41. Kf4 Nxe2+ 42. Kxe4 Kg5 43. Ke5 Nc1 44. Kd6 Nxa2 45. Kc7
Nb4 46. Kxb7 Kf5 47. Kxa7 Ke5 48. Kb6 Kd4 49. Ka5 Kxc4 50. Kb6 c5 51. b3+ Kd4
52. Kb5 Nd3 53. Ka4 Kc3 0-1

[Event "5. ODEM U25 2008"]
[Site "Willingen GER"]
[Date "2008.05.12"]
[Round "3"]
[White "Günnigmann, Manuel"]
[Black "Wisheckel, Florian"]
[Result "1-0"]
[Termination "normal"]
[Board "13"]
[WhiteElo "2043"]
[BlackElo "1749"]
[PlyCount "65"]
[WhiteFideId "24640360"]
[BlackFideId "24678090"]
[EventCountry "GER"]
[EventRounds "9"]
[EventType "swiss"]
[EventDate "2008.05.10"]

1. e4 e5 2. Nf3 Nc6 3. Bb5 a6 4. Ba4 Nf6 5. O-O b5 6. Bb3 Bc5 7. d3 O-O 8. Re1
h6 9. c3 Re8 10. Nbd2 Qe7 11. Nf1 d6 12. Ng3 Bb6 13. h3 Na5 14. Bc2 c5 15. Nh4
Nc6 16. Ngf5 Bxf5 17. Nxf5 Qd7 18. Qf3 h5 19. Bh6 g6 20. Ng7 Nh7 21. Nxe8 Rxe8
22. Be3 b4 23. Ba4 Ba5 24. Rec1 Qb7 25. cxb4 Bxb4 26. a3 Ba5 27. b4 Bb6 28.
Rab1 c4 29. Rxc4 Rc8 30. Bxb6 Qxb6 31. Rbc1 Ng5 32. Qe3 Qxe3 33. fxe3 1-0